Personaggi di Cars - Statistics

Statistiche generali
  • Questo quiz è stato fatto 108 volte
  • Il punteggio medio è 28 su 68
Statistiche sulle risposte
Personaggi di Cars % Corretto
Saetta McQueen
98%
Sally Carrera
91%
Carl Attrezzi
90%
Doc Hudson
89%
Strip Weathers
85%
Luigi
78%
Guido
76%
Ramone
76%
Francesco Benoulli
75%
Team HtB Chick Hicks
74%
Flo
70%
Agenti segreti Finn McMissile
68%
Sergente
66%
Mack
63%
Fillmore
61%
Red
60%
Sceriffo
60%
Jackson Storm
54%
Cars 2 - Piloti World Grand Prix Carla Veloso
53%
Lewis Hamilton
52%
Cruz Ramirez
51%
Lizzie
51%
Tex Dinoco
48%
Commentatori Piston Cup Bob Cutlass
45%
Zio Topolino
45%
Raoul ÇaRoule
43%
Stanley
43%
Darrell Cartrip
40%
Shu Tudoroki
40%
Holley Shiftwell
39%
Miguel Camino
39%
Max Schnell
38%
Cars 1 - Radiator Springs Bessie
37%
Cal Weathers
34%
Tuners Boost
32%
D.J.
32%
Jeff Gorvette
31%
Nigel Gearsley
31%
Wingo
31%
Snot Rod
30%
Trattori
30%
Frank
29%
Professor Zündapp
28%
Rusty Rusteze
28%
Catorci Acer
26%
Cars 3 - Piloti Piston Cup Bobby Swift
26%
Team Rusteze Dusty Rusteze
26%
Visitatori di Radiator Springs Mia
25%
Rip Clutchgoneski
25%
Leland Turbo
24%
Tia
24%
Parenti italiani Mama Topolino
23%
Grem
22%
Demolition derby Miss Fritter
21%
Rod Redline
21%
Miles Axlerod
18%
Van
16%
Minny
14%
Smokey
14%
Louise Nash
13%
Commentatori TV Natalie Certain
13%
Siddeley
13%
Tomber
13%
Team Dinoco Lynda Weathers
11%
Ex piloti Piston Cup Junior Scott
10%
River Scott
10%
Leroy Heming
8%
Stephenson
8%
Nessun quiz corrispondente trovato
Distribuzione punteggi
Percentuale di utenti per punteggio
Percentile per numero di risposta
I tuoi punteggi nel tempo
Non hai fatto questo quiz